000 00446cam a2200181ua 4500
020 _c5.00
041 _aeng
_h
082 _a331.8
_bMAL/IN
100 _aMalhothra, .
245 _aIndian labour movement: A survey /
_cMalhothra.
_hTextual Documents
260 _aNew Delhi :
_bS.Chand and Co ,
_c1963.
300 _a218 ; .
365 _a5.00
504 _a
700 1 _aPremchand, .
942 _cBK
999 _c10375
_d10375